000 01171nam a22002417a 4500
999 _c21970
_d21970
003 AR-CdUCM
008 190425b ||||| |||| 00| 0 spa d
040 _aMUNICIPALIDAD PROVINCIAL DEL CUSCO
_cBIBLIOTECA MUNICIPAL DEL CUSCO
082 _aEleconom/N° 6/1993
110 _aUniversidad Nacional de San Antonio Abad del Cusco
_915942
245 _aEl Economista /
_cDirección del Programa Académico de Economía
260 _aCusco :
_bDirección del Programa Académico de Economía,
_c1993.
300 _a15 hojas. :
_c29 cm.
440 _aEl Economista.
_nNúmero 6, año 1993
_947016
505 _aContenido: El economista y su función social. Wilfredo Aranzábal. -- Impuesto predial confiscatorio. Luis Alberto Paliza. -- Inflación, tasa de devaluación, PBI, RIN, Balanza comercial, Tasa de cambio, RMV. Índice de pobreza. -- Estratos Económicos de la población peruana.
650 _aEconomía
_9382
650 _aImpuesto predial confiscatorio
_947017
650 _aEstratos económicos de la población peruana
_947018
700 _aPaliza Gallegos, Luis Alberto
_923827
700 _aAranzabal, Wilfredo
_947019
942 _2ddc
_cPP
945 _avhl